[Event "Czech Open-Rapid 2022"]
[Site "Pardubice"]
[Date "2022.07.21"]
[Round "8.32"]
[White "Mojzis, Jaroslav"]
[Black "Vlasak, Jiri"]
[Result "1/2-1/2"]
[WhiteElo "2108"]
[BlackElo "1817"]
[Annotator "NA RC"]
[PlyCount "40"]
[EventDate "2022.07.20"]
[EventType "swiss"]
[EventCountry "CZE"]
[SourceTitle "playchess.com"]
[Source "ChessBase"]
[SourceQuality "1"]

1. Nf3 Nf6 2. c4 c5 3. g3 Nc6 4. d4 cxd4 5. Nxd4 d6 6. Bg2 Bd7 7. O-O e5 8. Nb5 Be6 9. b3 a6 10. N5c3 Be7 11. Qd2 O-O 12. Rd1 Rc8 13. Ba3 Ne8 14. Nd5 f5 15. Nxe7+ Qxe7 16. Bxd6 Nxd6 17. Nc3 Nf7 18. Qb2 e4 19. f3 exf3 20. exf3 Qf6 1/2-1/2

[Event "Czech Open-Rapid 2022"]
[Site "Pardubice"]
[Date "2022.07.21"]
[Round "8.33"]
[White "Savitha Shri B"]
[Black "Mierins, Emils Janis"]
[Result "1-0"]
[WhiteElo "2278"]
[BlackElo "2042"]
[Annotator "ChessBase"]
[PlyCount "159"]
[EventDate "2022.07.20"]
[EventType "swiss"]
[EventCountry "CZE"]
[SourceTitle "playchess.com"]
[Source "ChessBase"]
[SourceQuality "1"]

1. e4 c6 2. d4 d5 3. e5 Bf5 4. Nd2 c5 5. Ngf3 Nc6 6. c3 e6 7. a3 Qb6 8. Nb3 cxd4 9. Nbxd4 Bg6 10. Qa4 Bc5 11. Be2 Nge7 12. O-O O-O 13. Nxc6 Qxc6 14. Bb5 Qc7 15. Bf4 a6 16. Be2 b5 17. Qd1 Rac8 18. Nh4 Nc6 19. Nxg6 hxg6 20. a4 Nxe5 21. axb5 axb5 22. Bxb5 Rb8 23. Qe2 Bd6 24. Bxe5 Bxe5 25. g3 Bf6 26. Bd3 Rb7 27. Rfc1 Rfb8 28. Rc2 Rb3 29. Ra2 Qc5 30. Qf3 e5 31. Qe3 Qe7 32. Be2 Qe6 33. Bd1 d4 34. Qe2 dxc3 35. Rxc3 R3b6 36. b3 Kh7 37. Ra4 Rd8 38. Bc2 Rbd6 39. Qh5+ Kg8 40. Qf3 Qh3 41. Rd3 Rxd3 42. Bxd3 Qd7 43. Bc4 Rc8 44. Kg2 Kh7 45. Qe4 Rd8 46. Rb4 Qe7 47. Rb7 Rd7 48. Rxd7 Qxd7 49. h4 Kh6 50. Qd5 Qf5 51. Bd3 Qg4 52. Qc4 Qd7 53. b4 Bd8 54. Qe4 Qd6 55. b5 Bb6 56. Be2 Qc5 57. Qf3 f5 58. Bf1 Kh7 59. h5 e4 60. hxg6+ Kxg6 61. Qf4 Bc7 62. Qh4 Qc2 63. Qe7 Kh7 64. Qe6 f4 65. gxf4 Ba5 66. Qf5+ Kg8 67. Qe6+ Kh7 68. Qh3+ Kg8 69. Qh5 Be1 70. Be2 Kf8 71. b6 Qc6 72. Qf5+ Kg8 73. Qb5 Qb7 74. Bc4+ Kf8 75. Qf5+ Ke8 76. Bd5 Qxb6 77. Qxe4+ Kf8 78. Qxe1 Qd4 79. Qe5 Qd1 80. Qe6 1-0

[Event "Czech Open-Rapid 2022"]
[Site "Pardubice"]
[Date "2022.07.21"]
[Round "8.34"]
[White "Lihotsky, Lukas"]
[Black "Michelle Catherina, P."]
[Result "0-1"]
[WhiteElo "1935"]
[BlackElo "2141"]
[Annotator "NA RC"]
[PlyCount "48"]
[EventDate "2022.07.20"]
[EventType "swiss"]
[EventCountry "CZE"]
[SourceTitle "playchess.com"]
[Source "ChessBase"]
[SourceQuality "1"]

1. d4 Nf6 2. c4 c5 3. d5 e6 4. Nc3 exd5 5. cxd5 d6 6. e4 g6 7. h3 Bg7 8. Nf3 O-O 9. Bd3 Na6 10. O-O Nc7 11. Re1 Rb8 12. a4 a6 13. a5 b5 14. axb6 Rxb6 15. Nd2 Nb5 16. Nc4 Rb8 17. Bd2 Ne8 18. Na5 Bd7 19. Nc4 Nec7 20. f4 Qh4 21. Nxb5 Bxb5 22. Qc2 Bxc4 23. Qxc4 Rxb2 24. Bc3 Qf2+ 0-1

[Event "Czech Open-Rapid 2022"]
[Site "Pardubice"]
[Date "2022.07.21"]
[Round "8.35"]
[White "Jun, Rudolf"]
[Black "Slavik, Jan"]
[Result "1-0"]
[WhiteElo "2134"]
[BlackElo "1913"]
[Annotator "NA"]
[PlyCount "75"]
[EventDate "2022.07.20"]
[EventType "swiss"]
[EventCountry "CZE"]
[SourceTitle "playchess.com"]
[Source "ChessBase"]
[SourceQuality "1"]

1. e4 e5 2. Nf3 Nc6 3. Bb5 f5 4. Bxc6 dxc6 5. Nxe5 Nf6 6. d4 fxe4 7. Nc3 Bb4 8. O-O O-O 9. Bg5 Bxc3 10. bxc3 Qd6 11. Qe2 Bf5 12. Rab1 Rab8 13. Rfe1 Qe6 14. c4 c5 15. c3 Rfd8 16. Rbd1 cxd4 17. cxd4 c5 18. Qb2 h6 19. d5 Qe8 20. Bxf6 gxf6 21. Nd3 Qg6 22. Nf4 Qf7 23. a4 Rd6 24. Re3 Kh7 25. Qa3 b6 26. Rg3 Rg8 27. h3 Bd7 28. a5 Rg5 29. Qe3 f5 30. axb6 axb6 31. h4 Rxg3 32. Qxg3 Qg7 33. Qe3 Qg4 34. Ra1 Qxh4 35. Ra7 Qf6 36. Ne6 Kg6 37. Qg3+ Kf7 38. Qxd6 1-0

[Event "Czech Open-Rapid 2022"]
[Site "Pardubice"]
[Date "2022.07.21"]
[Round "8.36"]
[White "Babulova, Mariana"]
[Black "Malinovsky, Petr"]
[Result "0-1"]
[WhiteElo "1631"]
[BlackElo "1959"]
[Annotator "TA"]
[PlyCount "46"]
[EventDate "2022.07.20"]
[EventType "swiss"]
[EventCountry "CZE"]
[SourceTitle "playchess.com"]
[Source "ChessBase"]
[SourceQuality "1"]

1. e4 c5 2. Nc3 g6 3. f4 Bg7 4. Nf3 e6 5. d3 Ne7 6. g4 d5 7. Bg2 Nbc6 8. O-O Rb8 9. Bd2 b5 10. Rb1 b4 11. Ne2 a5 12. Ng3 Ba6 13. f5 dxe4 14. Nxe4 exf5 15. gxf5 Nxf5 16. Nxc5 Bd4+ 17. Nxd4 Qxd4+ 18. Kh1 Qxc5 19. Qe2+ Nce7 20. Rbe1 O-O 21. Bf4 Rbc8 22. Be5 Qxc2 23. Qg4 Bxd3 0-1

[Event "Czech Open-Rapid 2022"]
[Site "Pardubice"]
[Date "2022.07.21"]
[Round "8.37"]
[White "Melichar, Vojtech"]
[Black "Shystarova, Anna"]
[Result "1-0"]
[WhiteElo "1907"]
[BlackElo "1856"]
[Annotator "TA"]
[PlyCount "59"]
[EventDate "2022.07.20"]
[EventType "swiss"]
[EventCountry "CZE"]
[SourceTitle "playchess.com"]
[Source "ChessBase"]
[SourceQuality "1"]

1. d4 Nf6 2. Nc3 d5 3. Bf4 c6 4. e3 Bg4 5. f3 Bh5 6. g4 Bg6 7. h4 h6 8. h5 Bh7 9. Bd3 e6 10. Bxh7 Nxh7 11. Qd3 Bd6 12. O-O-O Na6 13. Nge2 Qc7 14. Bxd6 Qxd6 15. e4 dxe4 16. Nxe4 Qe7 17. f4 O-O-O 18. Qc4 Nf6 19. Nxf6 Qxf6 20. Rh3 g5 21. Rf1 gxf4 22. Rxf4 Qe7 23. Rhf3 Qh4 24. Kb1 e5 25. Rxf7 Rxd4 26. Qe6+ Kd8 27. Rf8+ Rxf8 28. Rxf8+ Kc7 29. Qxe5+ Rd6 30. Rf7+ 1-0

[Event "Czech Open-Rapid 2022"]
[Site "Pardubice"]
[Date "2022.07.21"]
[Round "8.38"]
[White "Kroulik, Vaclav"]
[Black "Kotva, Milan"]
[Result "1/2-1/2"]
[WhiteElo "1749"]
[BlackElo "1833"]
[Annotator "NA COMBH"]
[PlyCount "70"]
[EventDate "2022.07.20"]
[EventType "swiss"]
[EventCountry "CZE"]
[SourceTitle "playchess.com"]
[Source "ChessBase"]
[SourceQuality "1"]

1. e4 e5 2. Nf3 Nc6 3. d4 exd4 4. Nxd4 Bc5 5. Be3 Qf6 6. c3 Nge7 7. Be2 O-O 8. O-O d5 9. Nxc6 Qxc6 10. exd5 Nxd5 11. Bxc5 Qxc5 12. Nd2 Be6 13. Qc2 Nf4 14. Bf3 c6 15. Ne4 Qb6 16. Ng5 g6 17. Qa4 Qc7 18. Rfe1 Bd5 19. Bxd5 Nxd5 20. Qh4 h5 21. c4 Qf4 22. Qxf4 Nxf4 23. Re7 f6 24. Ne4 Rf7 25. Rxf7 Kxf7 26. Rd1 f5 27. Nc5 b6 28. Nb3 Re8 29. Kf1 Re7 30. g3 Ne6 31. Rd6 c5 32. f3 Ng5 33. Kf2 Nh3+ 34. Kg2 Ng5 35. Kf2 Nh3+ 1/2-1/2

[Event "Czech Open-Rapid 2022"]
[Site "Pardubice"]
[Date "2022.07.21"]
[Round "8.39"]
[White "Dobrowolski, Kamil"]
[Black "Kokes, Bohuslav"]
[Result "1/2-1/2"]
[WhiteElo "1458"]
[BlackElo "1909"]
[Annotator "TA"]
[PlyCount "175"]
[EventDate "2022.07.20"]
[EventType "swiss"]
[EventCountry "CZE"]
[SourceTitle "playchess.com"]
[Source "ChessBase"]
[SourceQuality "1"]

1. e4 c5 2. c3 Nf6 3. e5 Nd5 4. d4 cxd4 5. cxd4 e6 6. Nf3 b6 7. Nc3 Nxc3 8. bxc3 Qc7 9. Bb2 Be7 10. c4 O-O 11. Bd3 d6 12. Be4 Bb7 13. Bxb7 Qxb7 14. O-O Nd7 15. Ba3 Qc7 16. d5 Nc5 17. Bxc5 Qxc5 18. Rc1 Rad8 19. Re1 dxe5 20. Rxe5 Bf6 21. Re1 exd5 22. cxd5 Qxd5 23. Qa4 Qb7 24. h3 h6 25. Ne5 Bxe5 26. Rxe5 Rd7 27. Rce1 a6 28. Qe4 Qxe4 29. R5xe4 Rfd8 30. Re8+ Rxe8 31. Rxe8+ Kh7 32. Ra8 a5 33. Ra6 Rd6 34. Kf1 Kg6 35. Ke2 Kf5 36. Ke3 Ke5 37. Ra7 Rf6 38. f3 Kd5 39. Kd3 Kc5 40. Kc3 Rg6 41. Rxf7 Rxg2 42. Rf5+ Kc6 43. a4 Rg6 44. Rf7 Kd5 45. Rf5+ Ke6 46. Rb5 Ke7 47. Kc4 Rf6 48. Rb3 Kd7 49. Kb5 Kc7 50. Rc3+ Kb7 51. Re3 Rf5+ 52. Kc4 Rf4+ 53. Kb3 Kc6 54. Rc3+ Kd5 55. Rd3+ Rd4 56. Re3 Rh4 57. Rd3+ Kc5 58. Rc3+ Kd5 59. Rd3+ Kc6 60. Rc3+ Kb7 61. Re3 Rxh3 62. Re7+ Ka6 63. Rxg7 Rxf3+ 64. Kb2 Rf4 65. Kb3 h5 66. Rh7 h4 67. Ka3 Rf3+ 68. Kb2 h3 69. Ka2 Rg3 70. Kb2 Rg2+ 71. Kb3 h2 72. Ka3 Rf2 73. Kb3 Re2 74. Ka3 Re3+ 75. Kb2 Re4 76. Kb3 Rb4+ 77. Ka3 Rb1 78. Rxh2 Kb7 79. Rc2 Ra1+ 80. Kb3 Rd1 81. Rc3 Rd4 82. Rc4 Rd5 83. Rc3 Rc5 84. Rh3 Kc6 85. Rh6+ Kc7 86. Rh7+ Kc6 87. Rh6+ Kb7 88. Rh7+ 1/2-1/2

[Event "Czech Open-Rapid 2022"]
[Site "Pardubice"]
[Date "2022.07.21"]
[Round "8.40"]
[White "Vokoun, Jan"]
[Black "Maklakova, Naomi"]
[Result "1-0"]
[WhiteElo "2056"]
[BlackElo "1548"]
[Annotator "NA"]
[PlyCount "77"]
[EventDate "2022.07.20"]
[EventType "swiss"]
[EventCountry "CZE"]
[SourceTitle "playchess.com"]
[Source "ChessBase"]
[SourceQuality "1"]

1. c4 e5 2. Nc3 Nf6 3. g3 d5 4. cxd5 Nxd5 5. Bg2 c6 6. d3 Be6 7. Bd2 Bd6 8. Nf3 Nd7 9. Ng5 Nxc3 10. bxc3 Qe7 11. Nxe6 Qxe6 12. a4 O-O 13. Rb1 Rab8 14. O-O Kh8 15. a5 Nc5 16. Qc2 f5 17. d4 Na6 18. Qb3 Qxb3 19. Rxb3 f4 20. Rfb1 fxg3 21. hxg3 Rf7 22. Be3 exd4 23. cxd4 h6 24. Be4 Re7 25. Bd3 Rbe8 26. Rxb7 Rxb7 27. Rxb7 Nb4 28. Bg6 Re7 29. Rxe7 Bxe7 30. Be4 Nd5 31. Bxd5 cxd5 32. Bd2 Kg8 33. f3 Kf7 34. Kf2 Ke6 35. e4 Bd8 36. Ke3 Bc7 37. f4 h5 38. a6 g6 39. Bb4 1-0

[Event "Czech Open-Rapid 2022"]
[Site "Pardubice"]
[Date "2022.07.21"]
[Round "8.41"]
[White "Sindler, Jaromir"]
[Black "Ptacek, Lubos"]
[Result "0-1"]
[WhiteElo "1582"]
[BlackElo "2049"]
[Annotator "TA"]
[PlyCount "52"]
[EventDate "2022.07.20"]
[EventType "swiss"]
[EventCountry "CZE"]
[SourceTitle "playchess.com"]
[Source "ChessBase"]
[SourceQuality "1"]

1. d4 d5 2. Nf3 Nf6 3. g3 c6 4. Bg2 h6 5. O-O Bf5 6. c4 e6 7. Nc3 dxc4 8. Ne5 Nbd7 9. Nxc4 Be7 10. e4 Bg6 11. a3 O-O 12. b4 Nb6 13. Nxb6 Qxb6 14. Be3 Qc7 15. Qc2 a5 16. Rab1 axb4 17. axb4 Ra6 18. Rfc1 Rfa8 19. b5 cxb5 20. Nxb5 Qxc2 21. Rxc2 Nxe4 22. Rbc1 Ra1 23. Rc8+ Kh7 24. Rxa8 Rxa8 25. Nc3 Ba3 26. Rc2 Rc8 0-1

[Event "Czech Open-Rapid 2022"]
[Site "Pardubice"]
[Date "2022.07.21"]
[Round "8.42"]
[White "Zdrazil, Tomas"]
[Black "Henke, Georg"]
[Result "1-0"]
[WhiteElo "2122"]
[BlackElo "1566"]
[Annotator "NA RC"]
[PlyCount "41"]
[EventDate "2022.07.20"]
[EventType "swiss"]
[EventCountry "CZE"]
[SourceTitle "playchess.com"]
[Source "ChessBase"]
[SourceQuality "1"]

1. e4 c5 2. Nf3 d6 3. d4 cxd4 4. Nxd4 Nf6 5. Nc3 a6 6. Bg5 e5 7. Nf5 Bxf5 8. exf5 h6 9. Bxf6 Qxf6 10. Bd3 Nd7 11. Qf3 Nc5 12. O-O Rc8 13. Be4 Nxe4 14. Qxe4 Rc6 15. Nd5 Qg5 16. f4 Qg4 17. Ne3 Qh4 18. g3 Qe7 19. Nd5 Qd8 20. fxe5 Be7 21. f6 1-0

[Event "Czech Open-Rapid 2022"]
[Site "Pardubice"]
[Date "2022.07.21"]
[Round "8.43"]
[White "Meszaros, Ludek"]
[Black "Babula, Matej"]
[Result "1-0"]
[WhiteElo "2049"]
[BlackElo "1748"]
[Annotator "TA"]
[PlyCount "53"]
[EventDate "2022.07.20"]
[EventType "swiss"]
[EventCountry "CZE"]
[SourceTitle "playchess.com"]
[Source "ChessBase"]
[SourceQuality "1"]

1. d4 Nf6 2. c4 e6 3. Nc3 Bb4 4. Bg5 b6 5. f3 d5 6. Qa4+ Nc6 7. Qxc6+ Bd7 8. Qb7 O-O 9. Qa6 Qe8 10. Bxf6 gxf6 11. e3 b5 12. cxb5 Rb8 13. Qa4 Bxb5 14. Bxb5 Rxb5 15. Nge2 Bxc3+ 16. Nxc3 Rxb2 17. O-O Qe7 18. Rab1 Rfb8 19. Rxb2 Rxb2 20. Rb1 Rd2 21. Qxa7 f5 22. Rb8+ Kg7 23. Qc5 Qh4 24. Qf8+ Kg6 25. Qg8+ Kh6 26. Qg3 Qe7 27. Rg8 1-0

[Event "Czech Open-Rapid 2022"]
[Site "Pardubice"]
[Date "2022.07.21"]
[Round "8.44"]
[White "Kavalir, Jan"]
[Black "Juchelka, Marek"]
[Result "1-0"]
[WhiteElo "1987"]
[BlackElo "1803"]
[Annotator "TA"]
[PlyCount "89"]
[EventDate "2022.07.20"]
[EventType "swiss"]
[EventCountry "CZE"]
[SourceTitle "playchess.com"]
[Source "ChessBase"]
[SourceQuality "1"]

1. e4 c5 2. Nc3 d6 3. g3 g6 4. Bg2 Nc6 5. d3 Bg7 6. Be3 Nf6 7. h3 O-O 8. Nge2 Be6 9. O-O Qd7 10. Nf4 a6 11. Nxe6 Qxe6 12. Qd2 Rfd8 13. Nd5 Rac8 14. a4 Nd4 15. Nb6 Rc7 16. Rae1 Nd7 17. Nd5 Rc6 18. c3 Nb3 19. Qd1 c4 20. dxc4 Ndc5 21. Nb4 Rcc8 22. Nd5 Rb8 23. f4 b6 24. f5 Qd7 25. f6 exf6 26. Nxf6+ Bxf6 27. Rxf6 Kg7 28. Ref1 Rf8 29. Rxd6 Qxa4 30. Bg5 Qxc4 31. Qf3 h6 32. Be7 Rfe8 33. Qf6+ Kg8 34. Rd5 Rxe7 35. Qxe7 Rf8 36. Rd8 Rxd8 37. Qxd8+ Kg7 38. Qf6+ Kg8 39. Rd1 Nd3 40. Qd8+ Kg7 41. Qxd3 Qc5+ 42. Kh2 h5 43. h4 g5 44. c4 Qb4 45. Qc3+ 1-0

[Event "Czech Open-Rapid 2022"]
[Site "Pardubice"]
[Date "2022.07.21"]
[Round "9.1"]
[White "Donchenko, Alexander"]
[Black "Plat, Vojtech"]
[Result "0-1"]
[WhiteElo "2640"]
[BlackElo "2554"]
[Annotator "TA"]
[PlyCount "72"]
[EventDate "2022.07.20"]
[EventType "swiss"]
[EventCountry "CZE"]
[SourceTitle "playchess.com"]
[Source "ChessBase"]
[SourceQuality "1"]

1. d4 Nf6 2. c4 g6 3. g3 Bg7 4. Bg2 d5 5. Nf3 O-O 6. O-O dxc4 7. Na3 Nc6 8. Nxc4 Be6 9. b3 Bd5 10. Bb2 a5 11. Ne3 Be4 12. a3 Re8 13. Nc4 Bd5 14. Rc1 a4 15. b4 Na7 16. Ncd2 Nb5 17. Qc2 c6 18. Rfe1 h6 19. h3 e5 20. dxe5 Nd7 21. e4 Be6 22. Bf1 Qb8 23. Nc4 Bxc4 24. Bxc4 Nxe5 25. Bxe5 Bxe5 26. Bxb5 cxb5 27. Qe2 Qd6 28. Qxb5 Bb2 29. Rcd1 Qe6 30. Re2 Bxa3 31. Ra1 Qb3 32. Rea2 Bb2 33. Nd2 Qc3 34. Rb1 a3 35. Nc4 Qd3 36. Re1 Rec8 0-1

[Event "Czech Open-Rapid 2022"]
[Site "Pardubice"]
[Date "2022.07.21"]
[Round "9.2"]
[White "Harsha Bharathakoti"]
[Black "Babula, Vlastimil sr"]
[Result "1/2-1/2"]
[WhiteElo "2547"]
[BlackElo "2556"]
[Annotator "ChessBase"]
[PlyCount "119"]
[EventDate "2022.07.20"]
[EventType "swiss"]
[EventCountry "CZE"]
[SourceTitle "playchess.com"]
[Source "ChessBase"]
[SourceQuality "1"]

1. d4 Nf6 2. c4 e6 3. Nf3 b6 4. g3 Ba6 5. b3 Bb7 6. Bg2 Bb4+ 7. Bd2 Be7 8. Nc3 d5 9. cxd5 exd5 10. O-O O-O 11. Ne5 Na6 12. Bf4 Re8 13. a3 c5 14. dxc5 bxc5 15. Nc4 Qd7 16. Na5 Rad8 17. Nxb7 Qxb7 18. Qc2 Qc8 19. Rad1 d4 20. Nb5 Nd5 21. Nxa7 Qd7 22. Bxd5 Qxd5 23. Nb5 Bf6 24. Rfe1 g5 25. Bc1 Rb8 26. Qc4 Qxc4 27. bxc4 Re7 28. e3 Nc7 29. a4 Ne6 30. Bd2 Ra8 31. a5 dxe3 32. Bxe3 Rxa5 33. Nd6 Rd7 34. Ne4 Rxd1 35. Rxd1 Be7 36. Rd7 Kf8 37. Nc3 Bf6 38. Nd5 Bd4 39. Kg2 Ra4 40. Bxd4 cxd4 41. f4 gxf4 42. gxf4 Rxc4 43. f5 Ng5 44. h4 Rc2+ 45. Kg3 Ne4+ 46. Kf4 Nc5 47. Rd8+ Kg7 48. Ne7 Rf2+ 49. Kg4 Re2 50. Nd5 Ne4 51. Kf3 Re1 52. f6+ Nxf6 53. Nxf6 Kxf6 54. Rxd4 h5 55. Rd5 Re5 56. Rd4 Ke6 57. Ra4 f6 58. Rb4 Kf5 59. Rf4+ Kg6 60. Rb4 1/2-1/2

[Event "Czech Open-Rapid 2022"]
[Site "Pardubice"]
[Date "2022.07.21"]
[Round "9.3"]
[White "Akesson, Ralf"]
[Black "Korobov, Anton"]
[Result "0-1"]
[WhiteElo "2427"]
[BlackElo "2692"]
[Annotator "TA"]
[PlyCount "54"]
[EventDate "2022.07.20"]
[EventType "swiss"]
[EventCountry "CZE"]
[SourceTitle "playchess.com"]
[Source "ChessBase"]
[SourceQuality "1"]

1. Nf3 d5 2. d4 Nf6 3. c4 c6 4. e3 Bf5 5. Nc3 e6 6. Nh4 Be4 7. f3 Bg6 8. Qb3 Qc7 9. Bd2 Be7 10. O-O-O a6 11. Nxg6 hxg6 12. Kb1 dxc4 13. Bxc4 b5 14. Bd3 Nbd7 15. Ne4 Rc8 16. f4 c5 17. Nxc5 Bxc5 18. dxc5 Nxc5 19. Qc2 Nxd3 20. Qxd3 O-O 21. Bc3 Rfd8 22. Bd4 Qb7 23. Rd2 Ne4 24. Rc2 Rxc2 25. Qxc2 Rc8 26. Qe2 Qc6 27. a3 a5 0-1

[Event "Czech Open-Rapid 2022"]
[Site "Pardubice"]
[Date "2022.07.21"]
[Round "9.4"]
[White "Stocek, Jiri"]
[Black "Blatny, Pavel"]
[Result "1-0"]
[WhiteElo "2548"]
[BlackElo "2325"]
[Annotator "TA"]
[PlyCount "71"]
[EventDate "2022.07.20"]
[EventType "swiss"]
[EventCountry "CZE"]
[SourceTitle "playchess.com"]
[Source "ChessBase"]
[SourceQuality "1"]

1. d4 b6 2. Bg5 Bb7 3. Nd2 h6 4. Bh4 g6 5. e4 d6 6. Ngf3 Bg7 7. c3 Nd7 8. Bc4 g5 9. Bg3 e6 10. Qe2 a6 11. h4 g4 12. Nh2 h5 13. f3 Bf6 14. O-O-O b5 15. Bb3 Bxh4 16. Bxh4 Qxh4 17. Nxg4 Qg5 18. d5 Nc5 19. dxe6 fxe6 20. e5 O-O-O 21. exd6 Rxd6 22. Bc2 Ne7 23. Ne5 Rf8 24. Rhe1 Nd5 25. Kb1 Nf4 26. Qe3 Rd5 27. c4 bxc4 28. Ndxc4 Qe7 29. Rd2 Rxd2 30. Qxd2 Qg7 31. Qb4 Qe7 32. Qd2 Qg7 33. Rd1 Qxg2 34. Qd4 Bxf3 35. Qxc5 Re8 36. Nd6+ 1-0

[Event "Czech Open-Rapid 2022"]
[Site "Pardubice"]
[Date "2022.07.21"]
[Round "9.5"]
[White "Pulpan, Jakub"]
[Black "Seger, Ruediger"]
[Result "1-0"]
[WhiteElo "2424"]
[BlackElo "2299"]
[Annotator "TA"]
[PlyCount "51"]
[EventDate "2022.07.20"]
[EventType "swiss"]
[EventCountry "CZE"]
[SourceTitle "playchess.com"]
[Source "ChessBase"]
[SourceQuality "1"]

1. e4 c6 2. Nf3 d5 3. Nc3 Bg4 4. h3 Bxf3 5. Qxf3 e6 6. a3 dxe4 7. Nxe4 Nd7 8. Qg3 Qb8 9. Qf3 Ngf6 10. d4 Nxe4 11. Qxe4 Nf6 12. Qf3 Qc7 13. Bd3 Be7 14. Be3 O-O 15. O-O-O b5 16. g4 Nd5 17. h4 c5 18. dxc5 Nxe3 19. fxe3 Qxc5 20. Qe4 g6 21. h5 Bf6 22. hxg6 hxg6 23. Rh5 e5 24. g5 Bg7 25. Rdh1 Rad8 26. Rh8+ 1-0

[Event "Czech Open-Rapid 2022"]
[Site "Pardubice"]
[Date "2022.07.21"]
[Round "9.6"]
[White "Jirovsky, Milos"]
[Black "Krak, Tomas"]
[Result "1-0"]
[WhiteElo "2458"]
[BlackElo "2312"]
[Annotator "TA"]
[PlyCount "77"]
[EventDate "2022.07.20"]
[EventType "swiss"]
[EventCountry "CZE"]
[SourceTitle "playchess.com"]
[Source "ChessBase"]
[SourceQuality "1"]

1. Nf3 c5 2. c4 Nc6 3. g3 g6 4. Bg2 Bg7 5. Nc3 d6 6. O-O Bf5 7. h3 Qd7 8. Kh2 e5 9. Ne1 Nge7 10. Nc2 O-O 11. d3 Be6 12. Ne3 f5 13. Ned5 h6 14. Rb1 Bf7 15. b4 Nxd5 16. Nxd5 Nxb4 17. Nxb4 cxb4 18. Rxb4 Rab8 19. Qa4 Qxa4 20. Rxa4 a6 21. Ba3 Rfd8 22. Rb1 d5 23. cxd5 Bxd5 24. Bxd5+ Rxd5 25. Rxa6 Rd7 26. Rxg6 Ra8 27. Rb3 Kf7 28. Rgb6 Ra7 29. Kg2 h5 30. Kf3 Bf6 31. Bc5 Rxa2 32. Rxb7 Rxb7 33. Rxb7+ Kg8 34. e4 Rd2 35. Rd7 Rc2 36. Be3 fxe4+ 37. Kxe4 h4 38. g4 Re2 39. Kf5 1-0

[Event "Czech Open-Rapid 2022"]
[Site "Pardubice"]
[Date "2022.07.21"]
[Round "9.7"]
[White "Mladek, Richard"]
[Black "Lalic, Bogdan"]
[Result "0-1"]
[WhiteElo "2330"]
[BlackElo "2412"]
[Annotator "ChessBase"]
[PlyCount "42"]
[EventDate "2022.07.20"]
[EventType "swiss"]
[EventCountry "CZE"]
[SourceTitle "playchess.com"]
[Source "ChessBase"]
[SourceQuality "1"]

1. d4 d5 2. c4 dxc4 3. Nf3 e6 4. e3 Nf6 5. Bxc4 c5 6. O-O Nc6 7. Qe2 cxd4 8. Rd1 d3 9. Bxd3 Qc7 10. Nc3 a6 11. e4 Bd6 12. Bg5 Ng4 13. e5 Ngxe5 14. Nxe5 Bxe5 15. Qh5 h6 16. Rac1 g6 17. Qg4 hxg5 18. Ne4 Bxh2+ 19. Kf1 Bf4 20. Rxc6 bxc6 21. g3 e5 0-1

[Event "Czech Open-Rapid 2022"]
[Site "Pardubice"]
[Date "2022.07.21"]
[Round "9.8"]
[White "Freisler, Pavel"]
[Black "Dobrowolski, Piotr"]
[Result "0-1"]
[WhiteElo "2256"]
[BlackElo "2423"]
[Annotator "ChessBase"]
[PlyCount "130"]
[EventDate "2022.07.20"]
[EventType "swiss"]
[EventCountry "CZE"]
[SourceTitle "playchess.com"]
[Source "ChessBase"]
[SourceQuality "1"]

1. d4 e6 2. c4 c5 3. Nf3 cxd4 4. Nxd4 Nf6 5. Nc3 Bb4 6. Bd2 Nc6 7. Nb3 d5 8. e3 O-O 9. Be2 dxc4 10. Bxc4 Ne5 11. Qe2 Qc7 12. Nb5 Qe7 13. Rc1 Bd7 14. N5d4 Nxc4 15. Rxc4 Bd6 16. Rc1 a6 17. Qf3 Bb5 18. Nxb5 axb5 19. a3 b4 20. axb4 Bxb4 21. O-O Bxd2 22. Nxd2 Qb4 23. Rc2 Rfc8 24. Qd1 Nd5 25. Qc1 Nb6 26. b3 h6 27. h3 Rxc2 28. Qxc2 Rc8 29. Qb2 Qc3 30. Rb1 Qxb2 31. Rxb2 Rc1+ 32. Kh2 Nd5 33. b4 Kf8 34. Nb3 Rc4 35. Na5 Rc7 36. b5 b6 37. Nc6 Nc3 38. Nd4 e5 39. Ne2 Nxe2 40. Rxe2 Rc4 41. Rd2 Ke7 42. f3 Rc5 43. Rb2 f5 44. Kg3 Ke6 45. e4 fxe4 46. fxe4 Rc3+ 47. Kf2 h5 48. Ra2 Rb3 49. Ra7 g6 50. Rc7 Rxb5 51. Rc6+ Kf7 52. g4 h4 53. g5 Rb3 54. Rf6+ Kg7 55. Re6 Rxh3 56. Rxe5 Rg3 57. Rb5 Kf7 58. e5 Ke7 59. Rb4 Rxg5 60. Rxh4 Rxe5 61. Rb4 b5 62. Kf3 g5 63. Rb1 Kd6 64. Rd1+ Kc5 65. Rd8 b4 0-1

[Event "Czech Open-Rapid 2022"]
[Site "Pardubice"]
[Date "2022.07.21"]
[Round "9.9"]
[White "Luch, Michal"]
[Black "Sir, Zbynek"]
[Result "1-0"]
[WhiteElo "2375"]
[BlackElo "2199"]
[Annotator "TA"]
[PlyCount "71"]
[EventDate "2022.07.20"]
[EventType "swiss"]
[EventCountry "CZE"]
[SourceTitle "playchess.com"]
[Source "ChessBase"]
[SourceQuality "1"]

1. d4 c5 2. d5 b5 3. e4 a6 4. a4 b4 5. Nd2 d6 6. a5 Bd7 7. Bc4 g6 8. Qe2 Bg7 9. f4 Qc7 10. Ngf3 Qb7 11. e5 dxe5 12. fxe5 Bb5 13. Ne4 Bxc4 14. Qxc4 Nh6 15. Nxc5 Qc7 16. Qxb4 O-O 17. Qb6 Qc8 18. O-O Ng4 19. Bf4 g5 20. Bxg5 Nd7 21. Nxd7 Qxd7 22. Qd4 f6 23. e6 fxg5 24. Qxg7+ Kxg7 25. exd7 Rfd8 26. Nxg5 Rxd7 27. Ne6+ Kg8 28. c4 Ne3 29. Rf4 Rc8 30. b3 Rb7 31. Re1 Rxb3 32. Rf3 Nc2 33. Rxb3 Nxe1 34. Rc3 Rb8 35. Kf2 Rb1 36. c5 1-0

[Event "Czech Open-Rapid 2022"]
[Site "Pardubice"]
[Date "2022.07.21"]
[Round "9.10"]
[White "Neuman, Petr"]
[Black "Ret, Adam Josef"]
[Result "1-0"]
[WhiteElo "2378"]
[BlackElo "2023"]
[Annotator "ChessBase"]
[PlyCount "91"]
[EventDate "2022.07.20"]
[EventType "swiss"]
[EventCountry "CZE"]
[SourceTitle "playchess.com"]
[Source "ChessBase"]
[SourceQuality "1"]

1. e4 g6 2. d4 Bg7 3. c4 d6 4. Nc3 Nf6 5. Nf3 O-O 6. Be2 Nbd7 7. Be3 e5 8. d5 a5 9. Nd2 Nc5 10. b3 Ne8 11. Rb1 b6 12. a3 f5 13. f3 Nf6 14. b4 axb4 15. axb4 Ncd7 16. Ra1 Bb7 17. Nb3 Rxa1 18. Qxa1 Qa8 19. Kd2 f4 20. Bf2 Qxa1 21. Rxa1 Ra8 22. Rxa8+ Bxa8 23. c5 bxc5 24. bxc5 dxc5 25. Na4 Bf8 26. Bb5 Bd6 27. Nbxc5 Nxc5 28. Nxc5 Kf7 29. Kc3 Ng8 30. Kc4 Ne7 31. Ne6 h6 32. Bd7 Kf6 33. Nd8 Ng8 34. Bc6 Bxc6 35. Nxc6 Ne7 36. Nd8 Nc8 37. Kb5 Ke7 38. Nc6+ Kd7 39. g3 g5 40. gxf4 gxf4 41. Bh4 Nb6 42. Bf6 Ke8 43. Bxe5 Nc8 44. Bd4 Ne7 45. Nxe7 Kxe7 46. Kc6 1-0